[Event "Omsk-ch"]
[Site "Omsk"]
[Date "2013.02.16"]
[Round "8"]
[White "Novikov, Viktor"]
[Black "Gabdullin, Oleg"]
[Result "1-0"]
[WhiteElo "2043"]
[BlackElo "1897"]
[PlyCount "48"]
[EventDate "2013.02.09"]
[EventType "swiss"]
[EventRounds "9"]
[EventCountry "RUS"]
[SourceTitle "CBM 153 Extra"]
[Source "ChessBase"]
[SourceDate "2013.04.22"]
[SourceVersion "1"]
[SourceVersionDate "2013.04.22"]
[SourceQuality "1"]

1. d4 d5 2. c4 e6 3. Nc3 Nf6 4. Bg5 Be7 5. e3 0-0 6. c5 c6 7. Bd3 Nbd7 8. f4 Ne8 9. Nf3 f6 10. Bh4 e5 11. Be2 e4 12. Nd2 f5 13. Bg3 Ndf6 14. h3 Be6 15. 0-0 Nc7 16. b4 Qe8 17. a4 a6 18. Rb1 Bd7 19. Kh2 Qg6 20. Bh4 Bd8 21. Rc1 Qh6 22. Bg5 Qg6 23. Bxf6 Qxf6 24. a5 Qh4 1-0

[Event "Omsk-ch"]
[Site "Omsk"]
[Date "2012.03.25"]
[Round "9"]
[White "Barakin, Gennady"]
[Black "Novikov, Viktor"]
[Result "1-0"]
[WhiteElo "1969"]
[BlackElo "2048"]
[PlyCount "43"]
[EventDate "2012.03.15"]
[EventType "swiss"]
[EventRounds "9"]
[EventCountry "RUS"]
[SourceTitle "EXT 2013"]
[Source "ChessBase"]
[SourceDate "2012.11.22"]
[SourceVersion "1"]
[SourceVersionDate "2012.11.22"]
[SourceQuality "1"]

1. c4 c5 2. Nf3 Nc6 3. g3 g6 4. Nc3 Bg7 5. Bg2 Nf6 6. d3 0-0 7. 0-0 d6 8. a3 Bg4 9. h3 Bxf3 10. Bxf3 Qd7 11. Bg2 a6 12. Rb1 Rab8 13. b4 b6 14. b5 axb5 15. Nxb5 d5 16. Qc2 e6 17. Bb2 Rfd8 18. Rfd1 d4 19. Bc1 h6 20. Bd2 e5 21. a4 Ne8 22. Ra1 1-0

[Event "CFO-ch Seniors"]
[Site "Kaluga"]
[Date "2011.03.10"]
[Round "?"]
[White "Novikov, Viktor"]
[Black "Kulikov, Aleksandr P"]
[Result "0-1"]
[WhiteElo "2039"]
[BlackElo "1790"]
[PlyCount "46"]
[EventDate "2011.03.05"]
[EventType "swiss"]
[EventRounds "9"]
[EventCountry "RUS"]
[SourceTitle "CBM 141 Extra"]
[Source "ChessBase"]
[SourceDate "2011.05.03"]
[SourceVersion "1"]
[SourceVersionDate "2011.05.03"]
[SourceQuality "1"]

1. d4 Nf6 2. Nc3 d5 3. h3 e6 4. Bg5 Bb4 5. Bd2 Bxc3 6. Bxc3 Ne4 7. Qd3 b6 8. Nf3 c5 9. dxc5 Ba6 10. Qe3 bxc5 11. Bxg7 Rg8 12. Bc3 f5 13. Qh6 Qe7 14. Qh5+ Kd8 15. Ne5 Nxc3 16. bxc3 Qf6 17. f4 Rg7 18. Kf2 Nd7 19. Nxd7 Kxd7 20. Qf3 Rag8 21. Ke1 Rg3 22. Qf2 Qxc3+ 23. Kd1 Qxa1+ 0-1

[Event "Omsk-ch"]
[Site "Omsk"]
[Date "2010.02.27"]
[Round "5"]
[White "Tolkachiov, Vladimir"]
[Black "Novikov, Viktor"]
[Result "0-1"]
[WhiteElo "2015"]
[BlackElo "2070"]
[PlyCount "32"]
[EventDate "2010.02.20"]
[EventType "swiss"]
[EventRounds "11"]
[EventCountry "RUS"]
[SourceTitle "CBM 135 Extra"]
[Source "ChessBase"]
[SourceDate "2010.05.04"]
[SourceVersion "1"]
[SourceVersionDate "2010.05.04"]
[SourceQuality "1"]

1. c4 c5 2. Nf3 g6 3. d4 cxd4 4. Nxd4 Bg7 5. Nc3 Nc6 6. e3 Nf6 7. Be2 0-0 8. 0-0 d6 9. Rb1 Bd7 10. b4 Rc8 11. Nxc6 Bxc6 12. Bb2 Bd7 13. Qd3 Be6 14. Nd5 Nd7 15. Bxg7 Kxg7 16. Qd4+ f6 0-1

[Event "Omsk-ch"]
[Site "Omsk"]
[Date "2010.02.21"]
[Round "2"]
[White "Novikov, Viktor"]
[Black "Artemiev, Vladislav"]
[Result "0-1"]
[WhiteElo "2070"]
[BlackElo "2229"]
[PlyCount "44"]
[EventDate "2010.02.20"]
[EventType "swiss"]
[EventRounds "11"]
[EventCountry "RUS"]
[SourceTitle "CBM 135 Extra"]
[Source "ChessBase"]
[SourceDate "2010.05.04"]
[SourceVersion "1"]
[SourceVersionDate "2010.05.04"]
[SourceQuality "1"]

1. d4 d5 2. Nf3 Nc6 3. b3 Bg4 4. Nbd2 e6 5. a3 Nf6 6. Bb2 Bxf3 7. Nxf3 g6 8. e3 Ne7 9. Bd3 Bg7 10. 0-0 0-0 11. c4 c6 12. h3 Re8 13. Ne5 Rc8 14. c5 Nd7 15. f4 Nf5 16. Qe1 Bf6 17. Nf3 Nxc5 18. Bc2 Ne4 19. Ne5 Bh4 20. Qc1 c5 21. g4 Nfg3 22. Re1 Bf6 0-1

[Event "Omsk-ch op"]
[Site "Omsk"]
[Date "2009.02.23"]
[Round "9"]
[White "Novikov, Viktor"]
[Black "Pozdniakov, Vladimir"]
[Result "0-1"]
[WhiteElo "2027"]
[BlackElo "2235"]
[PlyCount "38"]
[EventDate "2009.02.12"]
[EventType "swiss"]
[EventRounds "11"]
[EventCountry "RUS"]
[SourceTitle "CBM 129 Extra"]
[Source "ChessBase"]
[SourceDate "2009.05.05"]
[SourceVersion "2"]
[SourceVersionDate "2009.05.20"]
[SourceQuality "1"]

1. d4 d6 2. Nf3 g6 3. g3 Bg7 4. Bg2 Nd7 5. 0-0 e5 6. dxe5 dxe5 7. Nc3 Nh6 8. Bh3 f6 9. Qd5 Nf7 10. Rd1 Nd6 11. Be3 Nb6 12. Bxb6 axb6 13. Bg2 Bd7 14. Ne4 Nxe4 15. Qxe4 c6 16. Qb4 b5 17. Qd6 Qe7 18. Qc7 Bf5 19. Qxe7+ Kxe7 0-1

[Event "Omsk-ch op"]
[Site "Omsk"]
[Date "2009.02.16"]
[Round "4"]
[White "Karabut, Vladimir"]
[Black "Novikov, Viktor"]
[Result "0-1"]
[WhiteElo "2178"]
[BlackElo "2027"]
[PlyCount "70"]
[EventDate "2009.02.12"]
[EventType "swiss"]
[EventRounds "11"]
[EventCountry "RUS"]
[SourceTitle "CBM 129 Extra"]
[Source "ChessBase"]
[SourceDate "2009.05.05"]
[SourceVersion "2"]
[SourceVersionDate "2009.05.20"]
[SourceQuality "1"]

1. d4 d5 2. Nf3 Nf6 3. c4 e6 4. Nc3 c6 5. e3 Bd6 6. Bd3 Nbd7 7. 0-0 0-0 8. Qc2 Re8 9. Bd2 a6 10. Rac1 b6 11. e4 dxc4 12. Bxc4 e5 13. d5 c5 14. a4 h6 15. Nd1 Nf8 16. Ne3 Bd7 17. Nf5 Bxf5 18. exf5 e4 19. Ne1 Qd7 20. Bc3 N8h7 21. Qe2 Qxf5 22. Nc2 Ng4 23. h3 Ne5 24. Ne3 Qf4 25. Bxe5 Bxe5 26. g3 Qg5 27. h4 Qg6 28. Rcd1 Bd4 29. Kh2 Nf6 30. Ng2 Ng4+ 31. Kh3 h5 32. Ne3 Ne5 33. Kh2 Nf3+ 34. Kh1 Bxe3 35. fxe3 Qxg3 0-1

[Event "Omsk-ch sf"]
[Site "Omsk"]
[Date "2006.12.10"]
[Round "6"]
[White "Novikov, Viktor"]
[Black "Gedyk, Dmitry"]
[Result "0-1"]
[WhiteElo "2072"]
[BlackElo "2248"]
[PlyCount "92"]
[EventDate "2006.11.15"]
[EventType "swiss"]
[EventRounds "9"]
[EventCountry "RUS"]
[SourceTitle "EXT 2019"]
[Source "ChessBase"]
[SourceDate "2018.10.10"]
[SourceVersion "1"]
[SourceVersionDate "2018.10.10"]
[SourceQuality "1"]

1. d4 d5 2. Nf3 Nf6 3. Bg5 Bf5 4. e3 e6 5. Be2 Be7 6. 0-0 0-0 7. Nh4 Bg6 8. Nxg6 hxg6 9. Nd2 Nbd7 10. Rc1 c6 11. c3 Re8 12. f3 c5 13. Bd3 Qc7 14. Re1 e5 15. dxc5 Nxc5 16. Bc2 Rad8 17. Nb3 Ne6 18. Bh4 a5 19. Bf2 a4 20. Nd2 b5 21. a3 Bc5 22. Qe2 Qb6 23. g3 d4 24. Ne4 Nxe4 25. Bxe4 Ng5 26. Bb1 Nh3+ 27. Kg2 Nxf2 28. Qxf2 dxe3 29. Qf1 Rd2+ 30. Re2 Red8 31. Rce1 R8d6 32. f4 exf4 33. gxf4 Qd8 34. Qf3 Qh4 35. Qg3 Qd8 36. Be4 Rxe2+ 37. Rxe2 Rd2 38. Qf3 f5 39. Bc6 Qd3 40. Rxd2 Qxd2+ 41. Kf1 Qxb2 42. Bd5+ Kf8 43. Qe2 Qc1+ 44. Qe1 Qxa3 45. Qh4 Qc1+ 46. Kg2 Qd2+ 0-1